000 00999pam a2200325 a 4500
999 _c1428
_d1428
001 015664300
003 Uk
005 20221229132732.0
008 100930s2011 enka j 000 0 eng|d
015 _aGBB0B9661
_2bnb
016 7 _a015664300
_2Uk
020 _a9781408137185 (pbk.) :
020 _a1408137186 (pbk.) :
040 _aStDuBDS
_beng
_cStDuBDS
_dUk
_dKH8
042 _aukblcatcopy
082 0 4 _a598.0941 GAN
_222
100 1 _aGaneri, Anita,
_d1961-
_eauthor
245 1 0 _aRSPB first book of birds /
_cAnita Ganeri and David Chandler.
246 3 0 _aFirst book of birds
260 _aLondon :
_bA. & C. Black,
_c2011.
300 _a48 p. :
_bcol. ill. ;
_c20 cm.
336 _atext
_2rdacontent
337 _aunmediated
_2rdamedia
338 _avolume
_2rdacarrier
500 _aFormerly CIP.
_5Uk
650 0 _aBirds
_zGreat Britain
_vJuvenile literature.
700 1 _aChandler, David,
_d1964-
_eauthor
710 2 _aRoyal Society for the Protection of Birds.
942 _2ddc
_cNFIC